000
00257nam a2200109Ia 4500
008
240625s9999 xx 000 0 und d
041
_a
eng
100
_a
THE ECONOMIC TIMES
245
_a
ADVANCED STOCK MARKET INVESTMENTS
260
_c
2007
365
_c
RS
_b
10
999
_c
33716
_d
33716